[Event "GER-chT School WK 3"]
[Site "Playchess.com INT"]
[Date "2020.06.15"]
[Round "3.2"]
[White "Stokal, Christopher"]
[Black "Abou, Wally Adrian"]
[Result "1-0"]
[WhiteElo "1747"]
[BlackElo "1753"]
[PlyCount "94"]
[EventDate "2020.06.15"]
[EventType "team-swiss (blitz)"]
[EventRounds "5"]
[EventCountry "GER"]
[SourceTitle "EXT 2021"]
[Source "ChessBase"]
[SourceDate "2020.10.23"]
[SourceVersion "1"]
[SourceVersionDate "2020.10.23"]
[SourceQuality "1"]
[WhiteTeam "Bonn Beethoven Gymn"]
[BlackTeam "Jena Carl Zeiss Gymn"]
[WhiteTeamCountry "GER"]
[BlackTeamCountry "GER"]

1. e4 e5 2. Nf3 Nc6 3. Bc4 Bc5 4. d3 d6 5. 0-0 Bg4 6. Nc3 Nd4 7. Bg5 Bxf3 8. gxf3 Qxg5+ 9. Kh1 Nf6 10. Rg1 Qf4 11. Nd5 Nxd5 12. Bxd5 Nxf3 13. Rg3 Nxh2 14. Kxh2 Qxf2+ 15. Kh3 0-0-0 16. Rf3 Qd4 17. c3 Qg1 18. Qxg1 Bxg1 19. Rxg1 g6 20. Rxf7 Rdf8 21. Rgf1 Rxf7 22. Rxf7 h5 23. Kh4 g5+ 24. Kxg5 h4 25. Rf2 c5 26. Rh2 h3 27. Kg4 Kc7 28. Rxh3 Rxh3 29. Kxh3 b6 30. Kg4 a5 31. Kf5 b5 32. Ke6 b4 33. cxb4 cxb4 34. a3 bxa3 35. bxa3 Kb6 36. Kxd6 Kb5 37. Kxe5 Ka4 38. Kf6 Kxa3 39. e5 Kb2 40. e6 a4 41. e7 a3 42. e8Q a2 43. Bxa2 Kxa2 44. Qb8 Ka3 45. Ke5 Ka2 46. Kd4 Ka3 47. Kc3 Ka2 1-0